000 00425nam a22001697a 4500
003 OSt
005 20211004144829.0
008 211004b |||||||| |||| 00| 0 eng d
020 _a0-07-033868-X
040 _cHawassa University
050 _a630.68/KAY
_b1
082 _23
_a630.68/KAY
_b1
100 _aKay,Ronald D.
_99677
245 _aFarm Management
260 _aNew York
_bMcGraw-Hill Inc
_c1994
942 _2ddc
_cBOOKS
_n0
999 _c9037
_d9037